The maintenance of commercial property (Record no. 92479)

MARC details
000 -LEADER
fixed length control field 00585cam a2200217 4500
001 - CONTROL NUMBER
control field B2278
008 - FIXED-LENGTH DATA ELEMENTS--GENERAL INFORMATION
fixed length control field 090401t1989 xxu||||| |||| 00| 0 eng d
035 ## - SYSTEM CONTROL NUMBER
System control number (Sirsi) u49067
041 ## - LANGUAGE CODE
Language code of text/sound track or separate title eng
050 ## - LIBRARY OF CONGRESS CALL NUMBER
Classification number 690.24
090 ## - LOCALLY ASSIGNED LC-TYPE CALL NUMBER (OCLC); LOCAL CALL NUMBER (RLIN)
Classification number (OCLC) (R) ; Classification number, CALL (RLIN) (NR) RICS1989/36 ABC
110 ## - MAIN ENTRY--CORPORATE NAME
Corporate name or jurisdiction name as entry element Royal Institution of Chartered Surveyors
9 (RLIN) 4900
245 #4 - TITLE STATEMENT
Title The maintenance of commercial property
260 ## - PUBLICATION, DISTRIBUTION, ETC.
Place of publication, distribution, etc. London
Name of publisher, distributor, etc. Royal Institution of Chartered Surveyors
Date of publication, distribution, etc. 1989
300 ## - PHYSICAL DESCRIPTION
Extent 10p. ; 30cm.
350 ## - PRICE (NR) (BK AM CF MU VM SE) [OBSOLETE]
Price 1
490 ## - SERIES STATEMENT
Series statement GCPPA/Report
Volume/sequential designation (89)9
650 ## - SUBJECT ADDED ENTRY--TOPICAL TERM
Topical term or geographic name entry element PLANNED MAINTENANCE
942 ## - ADDED ENTRY ELEMENTS (KOHA)
Suppress in OPAC 0
948 ## - LOCAL PROCESSING INFORMATION (OCLC); SERIES PART DESIGNATOR (RLIN)
c (OCLC) 04/03/1997
Holdings
Withdrawn status Lost status Source of classification or shelving scheme Damaged status Not for loan Home library Current library Shelving location Date acquired Cost, normal purchase price Total Checkouts Full call number Barcode Date last seen Copy number Cost, replacement price Price effective from Koha item type Date last checked out
    Dewey Decimal Classification     London London RICS Boxes 14/09/1999 1.00   RICS 1989/36 30007957 06/08/2019 1 1.00 06/08/2019 Reference material  
    Dewey Decimal Classification     London London RICS Boxes 14/09/1999 1.00 3 RICS 1989/36 30007958 06/08/2019 2 1.00 06/08/2019 Book 24/05/2000
    Dewey Decimal Classification     London London RICS Boxes 14/09/1999 1.00   690.24 30032048 06/08/2019 1 1.00 06/08/2019 Archive  
    Dewey Decimal Classification     London London RICS Boxes 07/10/1996 1.00 2 RICS 1989/36 30051732 06/08/2019 1 1.00 06/08/2019 Book 09/08/2000